000 00309nam a2200109Ia 4500
008 171211s9999 xx 000 0 und d
245 _aLarge-Scale Scientific Computing
245 _cIvan Lirkov
260 _c2008
650 _xINFORMATION TECHNOLOGIES
856 _uhttp://down.ebook777.com/064/3540788255.pdf
999 _c349691
_d349691